|
|
|
|
| LEADER |
01067nam a2200241 a 4500 |
| 001 |
c000342312 |
| 003 |
CARM |
| 005 |
00000000000000.0 |
| 008 |
850924s1925 ge 00010 ger d |
| 019 |
1 |
|
|a 3920559
|z 27139374
|5 LACONCORD2021
|
| 035 |
|
|
|a (OCoLC)1724262
|5 LACONCORD2021
|
| 040 |
|
|
|a NUN
|c NUN
|d NU
|
| 100 |
1 |
|
|a Schulze, Friedrich,
|d 1881-
|
| 245 |
1 |
4 |
|a Der deutsche Buchhandel und die geistigen Strömungen der letzten hundert Jahre /
|c Friedrich Schulze.
|
| 260 |
|
|
|a Leipzig :
|b Borsenverein der deutschen Buchhändler,
|c 1925.
|
| 300 |
|
|
|a 294 p. :
|b ill. (1 col.), facsims., ports.
|
| 500 |
|
|
|a Issued by the Börsenverein on the occasion of their 100th anniversary.
|
| 650 |
|
0 |
|a Booksellers and bookselling
|z Germany.
|
| 651 |
|
0 |
|a Germany
|x Intellectual life.
|
| 710 |
2 |
|
|a Börsenverein der Deutschen Buchhändler.
|
| 852 |
8 |
|
|b CARM
|h A1:AP15G0
|i C09280
|p 0348781
|f BK
|
| 999 |
f |
f |
|i 5e33edc4-828c-51eb-ae0c-55a89218df36
|s 09d57fd6-248d-512b-9c40-b093f23bbe4e
|
| 952 |
f |
f |
|p Can circulate
|a CAVAL
|b CAVAL
|c CAVAL
|d CARM 1 Store
|e C09280
|f A1:AP15G0
|h Other scheme
|i book
|m 0348781
|